000
00314nam a2200145Ia 4500
005
20251223000717.0
008
251222s9999||||xx |||||||||||||| ||spa||
020
_a
72288817
082
_a
650/F38
100
_a
Ferrell, O.C.
245
0
_a
Business:
250
_a
3ra.ed.
264
_b
McGraw-Hill
942
_c
LIB
999
_c
41515
_d
41515